| 000 | 00805cam a2200277 a 4500 | ||
|---|---|---|---|
| 999 |
_c5142 _d5142 |
||
| 001 | 5142 | ||
| 003 | BD-JhCC | ||
| 005 | 20171209173904.0 | ||
| 008 | 810623s1980 ilua 001 0 eng | ||
| 020 | _z0870942234 | ||
| 035 | _a(BD-JhCC) | ||
| 035 | _a69555 | ||
| 040 |
_aLC _cLC _dLC |
||
| 041 | _aeng | ||
| 050 | 0 | 0 |
_aHD9677.A2 _bF73 |
| 082 | 0 | 4 |
_a332.63 _219 _bFRE 1980 |
| 100 | 1 |
_aFreedman, Michael, _d1942- |
|
| 245 | 1 | 4 |
_aThe diamond book : _ba practical guide for successful investing / _cby Michael Freedman ; edited with Steven Beckner. |
| 260 |
_aHomewood, Ill. : _bDow Jones-Irwin, _cc1980. |
||
| 300 |
_axiii, 160 p. : _bill. ; _c24 cm. |
||
| 500 | _aIncludes index. | ||
| 650 | 0 | _aDiamonds as an investment. | |
| 700 | 1 | _aBeckner, Steven N. | |
| 942 |
_2ddc _cBK |
||